Rubén Darío
Shranjeno v:
| Glavni avtor: | |
|---|---|
| Format: | Neznan |
| Izdano: |
1964
|
| Teme: | |
| Oznake: |
Označite
Brez oznak, prvi označite!
|
MARC
| LEADER | 000000000a22000000004500 | ||
|---|---|---|---|
| 001 | 000903 | ||
| 041 | 0 | |a español | |
| 092 | 0 | |a 861.5D D218p Fotocopia | |
| 100 | 1 | |a Paz, Octavio, 1914-1998 | |
| 245 | 1 | 0 | |a Rubén Darío |
| 260 | |c 1964 | ||
| 300 | |a 11-65 páginas | ||
| 500 | |a Número de inscripción 00752 -- Documento incompleto, sin portada | ||
| 650 | 4 | |a DARIO, RUBEN, SEUDONIMO, 1867-1916 | |
| 650 | 4 | |a MODERNISMO (LITERATURA) | |
| 650 | 4 | |a AMERICA LATINA | |
| 999 | |c 1676 |d 1676 | ||
